Finding the center : (Запис № 496529)

МАРК-запис
000 -LEADER
fixed length control field 01694cam a2200385 a 4500
001 - CONTROL NUMBER
control field findingcentertwo00naip
003 - CONTROL NUMBER IDENTIFIER
control field CaSfIA
005 - DATE AND TIME OF LATEST TRANSACTION
control field 20210118083250.0
007 - PHYSICAL DESCRIPTION FIXED FIELD--GENERAL INFORMATION
fixed length control field cr||||
008 - FIXED-LENGTH DATA ELEMENTS--GENERAL INFORMATION
fixed length control field 850417t19861984nyu 000 0aeng
010 ## - LIBRARY OF CONGRESS CONTROL NUMBER
LC control number 85040136
040 ## - CATALOGING SOURCE
Original cataloging agency DLC
Transcribing agency DLC
Modifying agency OCLCQ
-- BTCTA
-- OCLCG
-- CaSfIA
020 ## - INTERNATIONAL STANDARD BOOK NUMBER
International Standard Book Number 0394740904 (pbk.) :
Terms of availability $4.95
020 ## - INTERNATIONAL STANDARD BOOK NUMBER
International Standard Book Number 9780394740904 (pbk.)
035 ## - SYSTEM CONTROL NUMBER
System control number (OCoLC)12078735
043 ## - GEOGRAPHIC AREA CODE
Geographic area code f-iv---
050 10 - LIBRARY OF CONGRESS CALL NUMBER
Classification number PR9272.9.N32
Item number Z465 1986
082 00 - DEWEY DECIMAL CLASSIFICATION NUMBER
Classification number 823/.914
-- B
Edition number 19
029 1# - (OCLC)
OCLC library identifier AU@
System control number 000003798383
100 1# - MAIN ENTRY--PERSONAL NAME
Personal name Naipaul, V. S.
Fuller form of name (Vidiadhar Surajprasad),
Dates associated with a name 1932-
245 10 - TITLE STATEMENT
Title Finding the center :
Medium [electronic resource]
Remainder of title two narratives /
Statement of responsibility, etc V.S. Naipaul.
250 ## - EDITION STATEMENT
Edition statement 1st Vintage Books ed.
260 ## - PUBLICATION, DISTRIBUTION, ETC. (IMPRINT)
Place of publication, distribution, etc New York :
Name of publisher, distributor, etc Vintage Books,
Date of publication, distribution, etc 1986, c1984.
300 ## - PHYSICAL DESCRIPTION
Extent xi, 176 p. ;
Dimensions 18 cm.
506 ## - RESTRICTIONS ON ACCESS NOTE
Standardized terminology for access restriction Необхідна авторизація на https://archive.org/ (створення облікового запису безкоштовно)
506 ## - RESTRICTIONS ON ACCESS NOTE
Standardized terminology for access restriction Необхідна авторизація на https://openlibrary.org/ (створення облікового запису безкоштовно)
600 10 - SUBJECT ADDED ENTRY--PERSONAL NAME
Personal name Naipaul, V. S.
Fuller form of name (Vidiadhar Surajprasad),
Dates associated with a name 1932-
600 10 - SUBJECT ADDED ENTRY--PERSONAL NAME
Personal name Naipaul, V. S.
Fuller form of name (Vidiadhar Surajprasad),
Dates associated with a name 1932-
General subdivision Travel
Geographic subdivision Côte d'Ivoire.
651 #0 - SUBJECT ADDED ENTRY--GEOGRAPHIC NAME
Geographic name Côte d'Ivoire
General subdivision Description and travel.
650 #0 - SUBJECT ADDED ENTRY--TOPICAL TERM
Topical term or geographic name as entry element Authors, Trinidadian
Chronological subdivision 20th century
Form subdivision Biography.
650 #0 - SUBJECT ADDED ENTRY--TOPICAL TERM
Topical term or geographic name as entry element Authorship.
856 41 - ELECTRONIC LOCATION AND ACCESS
Uniform Resource Identifier <a href="http://www.archive.org/details/findingcentertwo00naip">http://www.archive.org/details/findingcentertwo00naip</a>
Public note Free eBook from the Internet Archive
856 42 - ELECTRONIC LOCATION AND ACCESS
Uniform Resource Identifier <a href="http://www.openlibrary.org/books/OL2549959M">http://www.openlibrary.org/books/OL2549959M</a>
Public note Additional information and access via Open Library
942 ## - ADDED ENTRY ELEMENTS (KOHA)
Koha item type ЕКнига

Немає доступних примірників.